000 00771nam a2200217Ia 4500
003 IIN
005 20240118130908.0
008 231217s9999 xx 000 0 und d
020 _cRs.995.00
_a9789351529866
040 _aIIN
_bEng
082 _a611
_bSES
100 1 _aSingh. Inderbir
245 1 _aTextbook of Anatomy
_cInderbir Singh
250 _a 6th ed
_bEdited by-Sudha Seshayyan,
260 _bJaypee
_aNew Delhi
_c2016
300 _a533p. / V.3
500 _aVolume 3. - Contains Three Section: (Section 6) : Head and Neck (Section 7) : Neuroanatomy (Section 8) : Genetics Include index, Appendices.
650 1 _aAnatomy
700 1 _aSeshayyan, Sudha. Ed.
942 _cBOOK
999 _c1478
_d1478